English for presentational conferences.
Salvato in:
| Autore principale: | |
|---|---|
| Natura: | Sconosciuto |
| Lingua: | inglese |
| Pubblicazione: |
Cham, Switzerland:
Springer,
2016
|
| Edizione: | Second edition. |
| Serie: | English for Academic Research
|
| Soggetti: | |
| Tags: |
Aggiungi Tag
Nessun Tag, puoi essere il primo ad aggiungerne!!
|
MARC
| LEADER | 00000 a2200000 4500 | ||
|---|---|---|---|
| 003 | CL-VaPUC | ||
| 005 | 20220502090240.0 | ||
| 008 | 220324b2016 ||||| |||| 00| 0 eng d | ||
| 999 | |c 434643 |d 434641 | ||
| 020 | |a 978-3319263281 | ||
| 040 | |c Pontificia Universidad Católica de Valparaíso | ||
| 082 | 7 | |a 808.51 WAL 2016 |2 22 | |
| 100 | |a Wallwork, Adrian |9 479390 |e author | ||
| 245 | |a English for presentational conferences. | ||
| 250 | |a Second edition. | ||
| 260 | |a Cham, Switzerland: |b Springer, |c 2016 | ||
| 300 | |a 284 páginas | ||
| 490 | |a English for Academic Research | ||
| 583 | |k Cristina María Rojas Aguilar |c 20220324 | ||
| 650 | |a Hablar en público |9 867700 | ||
| 650 | 0 | |a Idioma inglés |9 859621 |v Libros de texto para hablantes extranjeros | |
| 650 | 0 | |a Lingüística |9 867708 | |
| 942 | |2 ddc |c BK | ||
| 952 | |0 0 |1 0 |2 ddc |4 0 |6 808_510000000000000_WAL_2016 |7 0 |8 A |9 582073 |a BIBEDU |b BIBEDU |c GEN |d 2022-03-22 |e 1 |g 39153.00 |i 5650205 |o 808.51 WAL 2016 |p 5650205 |r 2022-03-22 |t 1 |v 39153.00 |w 2022-03-22 |y BK |k LIT | ||